LEADER 01095nam0 22002891i 450 001 UON00391278 005 20231205104613.160 100 $a20110411d1920 |0itac50 ba 101 $arus 102 $aRU 105 $a|||| 1|||| 200 1 $aStep$aRazskazy i povesti$fA. P. ?echov 210 $aBerlin$cI. P. Lady?nikov$d1920 215 $a607 p.$d19 cm. 620 $aDE$dBerlin$3UONL003157 676 $a891.733$cLetteratura russa. Narrativa 1800-1917$v22 700 1$a?ECHOV$bAnton Pavlovi?$3UONV109284$027405 712 $aLady?nikov$3UONV277960$4650 790 1$aCECOF, Antonio$z?ECHOV, Anton Pavlovi?$3UONV197750 790 1$a?EHOV, Anton Pavlovi?$z?ECHOV, Anton Pavlovi?$3UONV244215 801 $aIT$bSOL$c20240220$gRICA 899 $aSIBA - SISTEMA BIBLIOTECARIO DI ATENEO$2UONSI 912 $aUON00391278 950 $aSIBA - SISTEMA BIBLIOTECARIO DI ATENEO$dSI RUSSO A 0100 $eSI MR 15901 7 0100 996 $aRazskazy i povesti$91350126 996 $aStep$91112698 997 $aUNIOR LEADER 02505oas 2200925 a 450 001 9910134723003321 005 20260127110029.0 011 $a1478-4408 035 $a(DE-599)ZDB2047566-4 035 $a(OCoLC)55200566 035 $a(CONSER) 2004236706 035 $a(CKB)110998584177020 035 $a(DE-599)2047566-4 035 $a(EXLCZ)99110998584177020 100 $a20040518a20019999 sy 101 0 $aeng 135 $aurmnu|||||||| 181 $ctxt$2rdacontent 182 $cc$2rdamedia 183 $acr$2rdacarrier 200 10$aColoration technology $ethe journal of the Society of Dyers and Colourists 210 $aBradford, UK $cSociety of Dyers and Colourists$d©2001- 210 3 $a[Hoboken, NJ] $cJohn Wiley & Sons Ltd 300 $aRefereed/Peer-reviewed 300 $aTitle from title screen (Blackwell-Synergy, viewed Feb. 28, 2007). 311 08$aColoration technology 1472-3581 517 1 $aColor. technol 606 $aColor$vPeriodicals 606 $aColor in the textile industries$vPeriodicals 606 $aDyes and dyeing$vPeriodicals 606 $aColor$2fast$3(OCoLC)fst00868499 606 $aColor in the textile industries$2fast$3(OCoLC)fst00868586 606 $aDyes and dyeing$2fast$3(OCoLC)fst00900233 606 $aColor$2thub 606 $aColorants$2thub 606 $aIndústria química$2thub 608 $aPeriodicals.$2fast 608 $aPeriodicals.$2lcgft 608 $aRevistes electròniques.$2thub 615 0$aColor 615 0$aColor in the textile industries 615 0$aDyes and dyeing 615 7$aColor. 615 7$aColor in the textile industries. 615 7$aDyes and dyeing. 615 7$aColor. 615 7$aColorants. 615 7$aIndústria química. 676 $a667.2 712 02$aSociety of Dyers and Colourists, 801 0$bHUL 801 1$bHUL 801 2$bOCL 801 2$bMYG 801 2$bHNK 801 2$bOCLCQ 801 2$bBUF 801 2$bOCLCQ 801 2$bOCLCO 801 2$bOCLCF 801 2$bOCLCO 801 2$bOCLCQ 801 2$bNLE 801 2$bOCLCQ 801 2$bUKMGB 801 2$bVT2 801 2$bNJT 801 2$bUBY 801 2$bOCLCO 801 2$bOCLCQ 801 2$bUEJ 801 2$bQGK 801 2$bOCLCL 801 2$bSXB 801 2$bOCLCL 801 2$bOCLCQ 906 $aJOURNAL 912 $a9910134723003321 996 $aColoration technology$92069435 997 $aUNINA